000 01695nam a22003611a 4500
001 77230
003 BD-RjUL
005 20211209082939.0
008 200304r19241891xxk o eng d
035 _a(BD-RjUL) 77455
040 _aUK-CbPIL
_cUK-CbPIL
_beng
041 _aeng
082 _219
_a821.1
_bLYT 1924
100 1 _aLydgate, John,
_d1370?-1451?
_9240377
245 1 0 _aTemple of glas /
_cedited by J. Schick
260 _aLondon :
_bHumphrey Milford, oxford University press,
_c1924
300 _aclx, 136 p. ;
_c23 cm
336 _atext
_2rdacontent
337 _acomputer
_2rdamedia
338 _aonline resource
_2rdacarrier
500 _aPreliminaries, introductory and editorial matter including introduction and notes omitted.
500 _aOnline access provided by ProQuest as part of Chadwyck-Healey literature collections.
534 _pTranscribed from:
_aLydgate, John, 1370?-1451?.
_tTemple of glas. Edited with introduction and notes
_cLondon : Published for The Early English Text Society by Kegan Paul, Trench, Trubner & Co., 1891.
_eclx, 136 p.
540 _aCopyright (c) 2007 ProQuest-CSA LLC. Ltd. Do not export or print from this database without checking the Copyright Conditions to see what is permitted.
650 _aEnglish poetry
_9240378
710 2 _aProQuest (Firm)
_9240379
773 0 _tEnglish Poetry Second Edition
830 0 _aChadwyck-Healey literature collections.
_9240380
856 4 0 _3Chadwyck-Healey literature collections
_s94Kb
_uhttp://gateway.proquest.com/openurl?ctx_ver=Z39.88-2003&xri:pqil:res_ver=0.2&res_id=xri:ilcs&rft_id=xri:ilcs:ep2:Z000419112
942 _2ddc
_cBK
999 _c77230
_d77230